000 01028cam a2200205 4500
001 WB3924-05
008 031105n2003 000 0 eng u
035 _a(Sirsi) u124247
245 _aProperty research database launched
260 _c2003
490 _aRICS News Service
_v6 November 2003 (1)
520 _aThe Society of Property Researchers with the assistance of the National Retail Planning Forum, has created a data directory of sources of commercial property and retail planning information. The database is searchable by sector, geographical area, title or source. The data directory is available at http://www.sprweb.co.uk/about/data%20directory.htm. http://www.rics.org/ricscms/bin/show?class=News&template=/includes/shownews.html&id=7493
590 _aWB
650 _aSOCIETY OF PROPERTY RESEARCHERS
650 _aRETAIL PLANNING
650 _aPROPERTY-COMMERCIAL PROPERTY
650 _aNATIONAL RETAIL PLANNING FORUM
690 _aPROPERTY-COMMERCIAL PROPERTY-COMMERCIAL PROPERTY MARKET
942 _n0
999 _c73751
_d73751